| 000 | 00565nam a2200217Ia 4500 | ||
|---|---|---|---|
| 003 | OSt | ||
| 005 | 20230615125803.0 | ||
| 008 | 210423s2010 xx 000 0 und d | ||
| 020 | _a9780521188142 | ||
| 040 | _cAL | ||
| 041 | _aeng | ||
| 082 |
_a660.65 NICD _223 |
||
| 100 |
_aNICHOLL (Desmond S T). _9103963 |
||
| 245 | _aIntroduction to genetic engineering. | ||
| 250 | _a3 | ||
| 260 |
_aNew Delhi _bCambridge University Press _c2010 |
||
| 300 |
_axii,336 _bPB |
||
| 365 |
_b545 _cINR |
||
| 906 | _aengineering. ; genetic ; Introduction | ||
| 942 |
_2ddc _cBK |
||
| 999 |
_c164699 _d164699 |
||